[Event "Bad Woerishofen op"]
[Site "Bad Woerishofen"]
[Date "2001.??.??"]
[Round "2"]
[White "Schiegg, Peter"]
[Black "Born, Ludger"]
[Result "0-1"]
[WhiteElo "2049"]
[BlackElo "1800"]
[Annotator "ChessOrg"]
[PlyCount "92"]
[EventDate "1998.03.05"]
[Source "ChessBase"]
[SourceDate "1998.04.29"]

1. Nf3 {A07: Barcza-System (Koenigsfianchetto mit moeglichen Uebergaengen in
andere Systeme)} 1... Nf6 2. g3 d5 3. Bg2 e6 4. O-O Be7 5. d3 O-O 6. Nbd2 b6 7.
e4 dxe4 8. dxe4 Bb7 9. e5 Nfd7 10. Re1 10... Qc8 {letzter Buchzug} 11. c3 Rd8
12. Qc2 Nf8 13. h4 Nbd7 14. Ne4 h6 15. h5 Nc5 16. Nxc5 Bxc5 17. g4 Qd7 18. Be3
Bxe3 19. Rxe3 Rab8 20. g5 Bxf3 21. Bxf3 hxg5 22. Kg2 Qd2 23. Qe4 $2 (23. Qb3
$142 23... a5 24. Rd1 $11) 23... Qxb2 $19 24. Rf1 Qa3 (24... Qxa2 25. Qg4 Nh7
26. Be4 $19) 25. Qg4 Qe7 26. Rh1 Rd2 27. Be4 f5 28. exf6 gxf6 29. h6 f5 30.
Bxf5 exf5 31. Qc4+ (31. Rxe7 $2 31... fxg4 32. h7+ Kh8 33. Rxc7 33... Rxa2 $19)
31... Qf7 32. h7+ Nxh7 33. Qxf7+ Kxf7 34. Rxh7+ Kf6 (34... Kg6 35. Rxc7 Rxa2
36. Rc6+ Kh5 37. Rh3+ Kg4 38. Rg3+ Kf4 39. Rc4+ Ke5 40. Re3+ Kd5 41. Rd4+ Kc6
42. Re6+ Kb7 43. Re5 $19) 35. Rxc7 f4 36. Ree7 Kf5 37. Rxa7 Kg4 38. Ra4 b5 39.
Rb4 Ra8 40. Re3 Raxa2 41. Rg3+ Kh5 42. Rh3+ (42. Rf3 $5 $17) 42... Kg6 $19 43.
Rf3 Ra4 44. Rxa4 bxa4 45. c4 Rc2 46. Kh3 (46. Ra3 Rxc4 47. Kf3 $19) 46... Kf5 (
46... Kf5 47. Rd3 Rxf2 48. Rd5+ Ke4 49. Rxg5 49... Rc2 $19) (46... Rb2 $142 47.
Kg4 47... Rb3 $19) 0-1

[Event "Bad Woerishofen op"]
[Site "Bad Woerishofen"]
[Date "2001.??.??"]
[Round "4"]
[White "Schiegg, Peter"]
[Black "Stelzer, Wolfgang"]
[Result "1/2-1/2"]
[WhiteElo "2049"]
[BlackElo "1818"]
[Annotator "ChessOrg"]
[PlyCount "117"]
[EventDate "1998.03.05"]
[Source "ChessBase"]
[SourceDate "1998.04.29"]

1. c4 {A10: Abarten von Hollaendisch, Damenindisch, Koenigsindisch (ohne d2-d4)
} 1... b6 2. Nc3 Bb7 3. d3 {letzter Buchzug} 3... Nf6 (3... e5 4. e3 $11) 4. e4
e5 5. g3 Nc6 6. Nge2 h5 7. h4 Bc5 8. Bg5 Nd4 9. Bg2 c6 10. a3 a5 11. Na4 Ne6
12. Nxc5 bxc5 13. Qd2 a4 14. O-O d6 15. Rab1 d5 16. b3 dxc4 17. bxc4 Ba6 18.
Qc3 Nxg5 19. hxg5 Nd7 20. f4 f6 21. Bh3 exf4 (21... Ra7 22. Rf3 h4 23. Bxd7+
Rxd7 24. gxf6 gxf6 25. fxe5 $18) 22. Rxf4 (22. Bxd7+ Kxd7 23. Nxf4 $14) 22...
Ne5 $11 (22... fxg5 23. Qxg7 gxf4 24. Bxd7+ Qxd7 25. Qxh8+ Ke7 26. Qxa8 Qxd3
27. Rb8 (27. Qxa6 $6 27... Qxb1+ 28. Kf2 fxg3+ 29. Nxg3 Qb2+ 30. Ne2 30... Qxa3
$18) 27... Qd1+ 28. Kf2 fxg3+ 29. Nxg3 Qd4+ 30. Kg2 Qd2+ 31. Kh3 Qd7+ 32. Nf5+
Ke6 33. Rd8 $18) 23. gxf6 gxf6 24. Rbf1 Qxd3 25. Rxf6 Qxc3 26. Re6+ (26. Nxc3
$143 26... Bxc4 (26... Nxc4 $143 27. Re6+ Kd8 28. Rd1+ Kc7 29. Nxa4 $16) 27.
R1f5 Ke7 28. Rxe5+ Kxf6 29. Rxc5 29... Bb3 $15) 26... Kd8 27. Nxc3 27... Ng4 $2
(27... Re8 $5 28. Rxe8+ 28... Kxe8 $16) 28. Rd1+ $18 28... Kc7 29. Nxa4 (29.
Re7+ Kb6 30. Rb1+ Ka5 31. Bxg4 31... hxg4 $18) 29... Rh7 30. Bxg4 hxg4 31. Rdd6
Bb7 32. Nxc5 Rxa3 33. Rd3 Ra1+ 34. Kf2 Rf7+ (34... Bc8 35. Rf6 $14) 35. Ke3 $16
35... Rf3+ 36. Kd4 Rxd3+ 37. Kxd3 (37. Nxd3 $5 37... Bc8 38. Rf6 $16) 37...
Ra3+ 38. Kd4 Bc8 39. Re7+ Kb6 40. Nd3 c5+ 41. Nxc5 Rxg3 42. Nd3 Rg1 43. Rg7 Rg3
(43... Rd1 $5 $16 $142) 44. c5+ $18 44... Kb5 45. Ne5 (45. Rg8 $5 $142 45...
Be6 46. Rg6 $18) 45... Rg1 $16 46. Rg8 Rd1+ 47. Ke3 Be6 (47... Re1+ $5 48. Kd3
Bf5 49. exf5 49... Rxe5 $14) 48. Rg6 (48. Re8 Re1+ 49. Kf4 Rf1+ 50. Kg3 50...
Ba2 $18) 48... g3 (48... Re1+ $5 $142 49. Kd4 Rd1+ 50. Kc3 50... Bd7 $16) 49.
Rxe6 g2 50. Nf3 g1=Q+ 51. Nxg1 Rxg1 52. c6 Kb6 53. Rd6 Kc7 54. e5 Rg4 55. Kf3
Rh4 56. Rd2 Kxc6 57. e6 (57. Rd6+ 57... Kc7 $18) 57... Kc7 (57... Rh6 58. Re2
Rh8 59. Kf4 $11) 58. Rd7+ $18 58... Kc8 59. Rf7 (59. Ke3 $5 $16 $142) 1/2-1/2

[Event "Bad Woerishofen op"]
[Site "Bad Woerishofen"]
[Date "2001.??.??"]
[Round "6"]
[White "Schiegg, Peter"]
[Black "Schelle, Artur"]
[Result "0-1"]
[WhiteElo "2049"]
[BlackElo "2215"]
[Annotator "ChessOrg"]
[PlyCount "78"]
[EventDate "1998.03.05"]
[Source "ChessBase"]
[SourceDate "1998.04.29"]

1. c4 {E99: Koenigsindisch (Klassisches System)} 1... g6 2. Nc3 Bg7 3. d4 Nf6
4. e4 d6 5. Nf3 O-O 6. Be2 e5 7. O-O Nc6 8. d5 Ne7 9. Ne1 Nd7 10. f3 f5 11. Be3
f4 12. Bf2 g5 13. Nd3 Nf6 14. c5 Ng6 15. a4 Kh8 16. a5 Rg8 17. cxd6 cxd6 18.
Nb5 g4 19. Nxa7 {letzter Buchzug} 19... Bd7 20. Qb3 g3 21. Bb6 gxh2+ 22. Kxh2
Qe8 23. Rh1 Nh5 24. Nf2 (24. Rac1 $5 $16) 24... Ng3 $11 25. Bb5 Nxh1 26. Rxh1
Nf8 27. Ng4 (27. Qa4 27... Qf7 $15) 27... Qg6 28. Bxd7 Nxd7 29. Bf2 (29. Kg1 $5
$17) 29... Nf6 $19 30. Kg1 (30. Qxb7 Nxg4+ 31. fxg4 31... Rab8 $19) 30... Nxg4
31. fxg4 Qxg4 (31... Qxe4 $5 32. Rh5 $19) 32. Qf3 Qg6 (32... Qxf3 33. gxf3 Bf6+
34. Kf1 $17) 33. b4 Bf6 34. Rh3 Rg7 35. g3 (35. Nb5 Rag8 36. Rh2 36... Rc8 $19)
35... Rag8 36. Kf1 Rc7 37. gxf4 exf4 38. Ke2 $4 (38. Nb5 Rc1+ 39. Ke2 $19)
38... Rc3 39. Qxf4 Rxh3 (39... Rxh3 40. Qf5 Qxf5 41. exf5 41... Rg2 $19) 0-1

[Event "Bad Woerishofen op"]
[Site "Bad Woerishofen"]
[Date "2001.??.??"]
[Round "9"]
[White "Schiegg, Peter"]
[Black "Schmitt, Karl"]
[Result "1/2-1/2"]
[WhiteElo "2049"]
[BlackElo "1802"]
[Annotator "ChessOrg"]
[PlyCount "32"]
[EventDate "1998.03.05"]
[Source "ChessBase"]
[SourceDate "1998.04.29"]

1. c4 {A26: Englische Eroeffnung (Sizilianisch im Anzug)} 1... e5 2. Nc3 Nc6 3.
g3 g6 4. Bg2 Bg7 5. d3 d6 6. e3 Nge7 7. Nge2 Be6 8. Nd5 Qd7 9. O-O O-O 10. Rb1
a5 11. Nec3 Nd8 12. b4 {letzter Buchzug} 12... Nxd5 13. Nxd5 (13. cxd5 Bg4 14.
f3 axb4 15. Rxb4 15... Bh3 $11) 13... Bxd5 (13... axb4 14. Qd2 $15) 14. Bxd5 c6
15. Bg2 axb4 16. Rxb4 Rxa2 1/2-1/2

[Event "Bad Woerishofen op"]
[Site "Bad Woerishofen"]
[Date "2001.??.??"]
[Round "3"]
[White "Schmidt, Ruediger"]
[Black "Bertz, Uwe"]
[Result "1-0"]
[WhiteElo "2151"]
[BlackElo "1780"]
[Annotator "ChessOrg"]
[PlyCount "57"]
[EventDate "1998.03.05"]
[Source "ChessBase"]
[SourceDate "1998.04.29"]

1. Nf3 {A30: Englische Eroeffnung (Symmetrische Variante)} 1... Nf6 2. c4 c5 3.
g3 Nc6 4. Bg2 e6 5. O-O Be7 6. d4 cxd4 7. Nxd4 7... Nxd4 {letzter Buchzug} 8.
Qxd4 d6 9. Nc3 O-O 10. Rd1 e5 11. Qd3 a6 12. Bg5 Re8 13. Bxf6 gxf6 (13... Bxf6
14. Ne4 $16) 14. Be4 h6 15. Nd5 Bf8 16. Qf3 Bg7 17. Ne3 Qc7 18. b3 Rb8 19. Rd2
Be6 20. Rad1 Red8 21. Rc2 Qe7 22. Rdc1 (22. Nf5 Bxf5 23. Qxf5 23... Kf8 $18)
22... Rdc8 23. Bf5 b6 24. Qg4 (24. Nd5 $142 24... Bxd5 25. cxd5 Rxc2 26. Rxc2
$18) 24... Rd8 $2 (24... Qd7 $16 $142) 25. Nd5 $18 25... Bxd5 26. cxd5 Rf8 (
26... Qa7 27. Rc7 Rb7 28. Rc8 $18) 27. Rc7 Qe8 28. R1c6 Kh8 (28... e4 $18) 29.
Be4 (29. Be4 Qc8 30. Rxc8 $18) 1-0

[Event "Bad Woerishofen op"]
[Site "Bad Woerishofen"]
[Date "2001.??.??"]
[Round "5"]
[White "Schmidt, Ruediger"]
[Black "Hutter, Otto"]
[Result "1-0"]
[WhiteElo "2151"]
[BlackElo "2210"]
[Annotator "ChessOrg"]
[PlyCount "143"]
[EventDate "1998.03.05"]
[Source "ChessBase"]
[SourceDate "1998.04.29"]

1. Nf3 {D36: Damengambit (Abtauschvariante)} 1... d5 2. d4 e6 3. c4 c6 4. cxd5
exd5 5. Nc3 Nf6 6. Bg5 Be7 7. Qc2 Nbd7 8. e3 h6 9. Bh4 O-O 10. h3 {
letzter Buchzug} 10... Ne4 (10... Bd6 11. Bd3 $11) 11. Bxe7 Qxe7 12. Bd3 f5 13.
O-O-O Nxc3 14. Qxc3 Nf6 15. Ne5 Qe8 16. f4 Be6 17. Kb1 Nd7 18. Rhg1 Nxe5 (18...
Rc8 19. Rc1 $11) 19. dxe5 Qf7 20. a3 Rac8 21. g4 g6 22. Qc2 Kh7 23. h4 Rg8 (
23... Rce8 24. h5 gxh5 25. gxh5 $11) 24. h5 $16 24... Rcf8 25. hxg6+ Rxg6 26.
Rg3 Kg7 27. Rh3 (27. g5 $5 $142 27... hxg5 28. Rxg5 Rxg5 29. fxg5 $14) 27...
Rxg4 $11 28. Rdh1 Qg6 (28... Rh8 $5 $11) 29. Rxh6 $14 29... Qxh6 30. Rxh6 Kxh6
31. Qc5 Rf7 32. Qd6 Rg6 33. Kc2 Kg7 34. Qc5 a6 35. Kc3 Rd7 36. Kd4 Kf7 37. b4
Rg8 (37... Ke8 $5 $11) 38. Qc2 $14 38... Kg6 39. Qg2+ Kh6 40. Qh3+ Kg6 41. Qg3+
Kf7 42. Qh4 Rg6 43. Qh5 Kg7 44. Bxf5 Bxf5 45. Qxf5 Re7 46. Qh3 Rh6 47. Qg3+ Kf8
48. Qg5 Rhe6 49. Kc5 Kf7 50. a4 Kf8 51. a5 Kf7 52. Kd4 Kf8 53. e4 dxe4 54. Kxe4
Kf7 55. Qg4 Kf8 56. Qh3 Kg8 57. Qc3 Rh6 58. Qc5 Rd7 59. Kf5 Rf7+ 60. Kg4 Rh1
61. Qc4 Kf8 62. e6 Rg7+ 63. Kf5 Rh5+ (63... Rgh7 $5 64. Qc3 64... Ke7 $14) 64.
Kf6 $16 64... Rg2 $4 (64... Rh6+ $5 $142 65. Ke5 Rh5+ 66. f5 66... Rgg5 $18)
65. f5 (65. e7+ Ke8 66. Qf7+ Kd7 67. e8=Q+ Kd6 68. Qee6#) 65... Rh6+ $18 66.
Ke5 Rd2 (66... Rhh2 $18) 67. Qc5+ $4 (67. Qf4 $142 67... Re2+ 68. Kd4 $18)
67... Ke8 $16 68. Qa7 Rd5+ 69. Kf4 69... Rh4+ $4 (69... Rf6 70. Qb8+ Ke7 71.
Qxb7+ 71... Kf8 $18) 70. Kg5 Rxb4 (70... Rh7 71. Kg6 71... Re7 $18) 71. Qb8+
Rd8 72. Qc7 (72. Qc7 Rd5 73. Qf7+ Kd8 74. e7+ Kc8 75. e8=Q+ Rd8 76. Qfd7+ Kb8
77. Qdxd8+ Ka7 78. Qa8#) 1-0

[Event "Bad Woerishofen op"]
[Site "Bad Woerishofen"]
[Date "2001.??.??"]
[Round "6"]
[White "Schmidt, Ruediger"]
[Black "Salvermoser, Bernd"]
[Result "0-1"]
[WhiteElo "2151"]
[BlackElo "2275"]
[Annotator "ChessOrg"]
[PlyCount "140"]
[EventDate "1998.03.05"]
[Source "ChessBase"]
[SourceDate "1998.04.29"]

1. d4 {A31: Englische Eroeffnung (Symmetrische Variante)} 1... Nf6 2. c4 c5 3.
Nf3 cxd4 4. Nxd4 e5 5. Nc2 d5 6. cxd5 6... Bc5 {letzter Buchzug} 7. Be3 Bd6 8.
h3 Bf5 9. Nc3 Nbd7 10. g4 Bg6 11. Bg2 h5 12. g5 Nh7 13. h4 f5 14. f3 Rc8 (14...
f4 15. Bf2 $16) 15. Qd2 (15. Bxa7 $5 15... Qa5 16. Bf2 16... Nb6 $18) 15... O-O
16. Bf2 (16. Bxa7 Qa5 17. Bf2 Nb6 18. Bxb6 18... Qxb6 $16) 16... Rf7 (16... Nb6
17. Rd1 $16) 17. Bh3 (17. Nb5 Bc5 18. Bxc5 18... Rxc5 $16) 17... Nb6 $14 18.
Bxb6 (18. Ne3 18... Bc5 $16) 18... Qxb6 19. Ne3 Rcc7 20. Rc1 (20. Ng2 20... e4
$14) 20... Nf8 21. Kf1 e4 22. fxe4 (22. b3 Bf4 23. Kf2 exf3 24. Kxf3 24... Qd6
$11) 22... Bf4 (22... fxe4+ $5 23. Kg2 23... Bc5 $11) 23. Ncd1 $14 23... Rce7
24. Rc4 Rxe4 25. Rxe4 fxe4 26. Kg2 Kh7 (26... Bb8 27. Nf1 $14) 27. Rf1 $16
27... Qc7 28. Kh1 (28. Qc3 28... Qd6 $16) 28... b5 (28... Bg3 29. Nf5 Bxh4 30.
Qe3 Bxf5 31. Bxf5+ g6 32. Qxe4 $14) 29. Qc3 Qd6 30. Qc6 Qe5 31. Qc3 (31. Ng2
Bg3 32. Rxf7 32... Bxf7 $16) 31... Qb8 (31... Qd6 32. a3 32... a5 $16) 32. Qd4
Be5 33. Qb4 Rxf1+ 34. Nxf1 Bg3 35. e3 (35. Nc3 $5 $14) 35... Bxh4 $11 36. Qe7 (
36. Nc3 Bxg5 37. Qxb5 37... Qe5 $14) 36... Bg3 $15 37. Qc5 (37. Nxg3 $2 37...
Qxg3 38. Bg2 Qe1+ 39. Kh2 Qxd1 40. Qxf8 40... Qxd5 $19) 37... Bd6 38. Qc8 Qxc8
39. Bxc8 Be7 40. Nc3 b4 (40... Bxg5 $143 41. b4 $14) 41. Nb5 a5 42. d6 Bxg5 43.
d7 (43. Nd4 43... Bf6 $11) 43... Ne6 44. b3 Kg8 45. Kg2 Kf8 46. Kf2 Ke7 47. Nd2
h4 (47... Bf5 48. Nc4 $17) 48. Nc4 $15 48... h3 (48... Nd8 49. Nc7 $15) 49. Na7
(49. Kg3 49... Nd8 $11) 49... Bh4+ 50. Kg1 Nd8 51. Kh2 Bf5 52. Nxa5 Kd6 53.
Nb5+ Kc5 54. Nd4 Bg4 55. Nc4 Bf6 56. Nc2 Be6 57. Nd2 Be5+ 58. Kg1 Bf5 59. Kf2 (
59. Nc4 59... Bc3 $15) 59... g5 $17 60. Nf1 $2 (60. Nc4 $142 60... Bc7 61. Nb2
$17) 60... h2 $19 61. Nxh2 Bxh2 62. a3 bxa3 63. Nxa3 g4 (63... Bh3 64. b4+ Kxb4
65. Nc2+ Kc5 66. Nd4 $19) 64. Nc2 (64. Nc4 64... Bc7 $19) 64... Be5 65. b4+ Kc4
66. Nd4 (66. Kg2 Kc3 67. Na3 67... Kxb4 $19) 66... Bxd4 67. exd4 (67. Ba6+ Kxb4
68. exd4 68... Bxd7 $19) 67... Kxb4 (67... Kxd4 68. Kg3 e3 69. Bb7 $19) 68. Ke3
g3 69. Ba6 g2 (69... Bxd7 $143 70. d5 Bb5 71. Bc8 $19) 70. Kf2 Bh3 (70... Bh3
71. Kg1 71... Kc3 $19) 0-1

[Event "Bad Woerishofen op"]
[Site "Bad Woerishofen"]
[Date "2001.??.??"]
[Round "8"]
[White "Schmidt, Ruediger"]
[Black "Wachweger, Albrecht"]
[Result "0-1"]
[WhiteElo "2151"]
[BlackElo "1900"]
[Annotator "ChessOrg"]
[PlyCount "100"]
[EventDate "1998.03.05"]
[Source "ChessBase"]
[SourceDate "1998.04.29"]

1. d4 {B38: Sizilianisch (Maroczy-Aufbau)} 1... Nf6 2. c4 c5 3. Nf3 g6 4. Nc3
Bg7 5. e4 cxd4 6. Nxd4 Nc6 7. Be3 d6 8. Be2 O-O 9. Qd2 Nxd4 10. Bxd4 10... Qa5
{letzter Buchzug} 11. O-O $4 (11. Rd1 $14 $142) 11... Nxe4 $1 $17 12. Qe3 (12.
Nxe4 $2 12... Qxd2 13. Nxd2 13... Bxd4 $19) 12... Bxd4 13. Qxe4 Bxc3 14. bxc3
Re8 15. Qd5 Qc7 (15... Qxc3 16. Rfc1 Qa3 17. c5 $19) 16. Rab1 $17 16... Rb8 17.
h4 Be6 18. Qd4 Rec8 19. Rb4 Qc5 20. Qf4 Qf5 21. Qd4 Rc5 22. f4 Ra5 23. a4 Qc5
24. Kh2 Qxd4 (24... b6 $5 $19 $142) 25. cxd4 $17 25... Bd7 26. Bd1 h5 27. Bc2
Kf8 28. g3 Ke8 29. Kg2 Kd8 30. Re1 e6 31. Kf3 b6 32. Re3 Rc8 33. Bb3 f6 34. Bc2
g5 35. hxg5 fxg5 36. fxg5 Rxg5 37. Be4 Kc7 38. Kf2 (38. c5 dxc5 39. Rc4 Rf8+
40. Ke2 Bc8 41. dxc5 Ba6 42. cxb6+ 42... Kd6 $19) 38... Rf8+ 39. Ke2 a5 40. Rb1
Bxa4 41. d5 Re5 42. Rh1 exd5 43. Bxd5 Rfe8 44. Rxe5 Rxe5+ (44... dxe5 $6 45.
Rxh5 Kd6 46. Kd3 $17) 45. Kd3 Bc6 46. Kd4 (46. Bxc6 Kxc6 47. Rf1 47... d5 $19)
46... Bxd5 47. cxd5 Rg5 48. Rc1+ Kd7 49. Rc6 Rg4+ 50. Kc3 Rb4 (50... Rb4 51.
Kd3 Rb3+ 52. Kd2 52... a4 $19 (52... Rxg3 $6 53. Rxb6 Ke7 54. Ra6 $19)) (50...
Rxg3+ 51. Kc4 Rg4+ 52. Kd3 $19) 0-1

[Event "Bad Woerishofen op"]
[Site "Bad Woerishofen"]
[Date "2001.??.??"]
[Round "3"]
[White "Schmidt, Thomas"]
[Black "Pruesse, Horst"]
[Result "0-1"]
[WhiteElo "1671"]
[BlackElo "2042"]
[Annotator "ChessOrg"]
[PlyCount "32"]
[EventDate "1998.03.05"]
[Source "ChessBase"]
[SourceDate "1998.04.29"]

1. d4 {A44: Alt-Benoni} 1... c5 2. d5 e5 3. e4 d6 4. c4 g6 5. Nc3 Bg7 6. f4 {
letzter Buchzug} 6... exf4 7. Bxf4 a6 (7... Bxc3+ 8. bxc3 Qh4+ 9. g3 $11) 8.
Nf3 Nf6 9. Bd3 Nh5 10. Bd2 Bg4 11. O-O Nd7 12. Qc2 Bxf3 13. Rxf3 Ne5 14. Rf2 $2
(14. Rff1 $11 $142) 14... Ng4 $19 (14... Nxd3 $6 15. Qxd3 O-O 16. Rf3 $11) 15.
Rf3 $2 (15. Be1 Bd4 16. g3 16... Qf6 $19) 15... Bd4+ (15... Qh4 $142 16. Bf4
16... Nxf4 $19) 16. Kh1 $17 16... Qh4 (16... Qh4 17. Bf4 17... Nxf4 $17) 0-1

[Event "Bad Woerishofen op"]
[Site "Bad Woerishofen"]
[Date "2001.??.??"]
[Round "5"]
[White "Schmidt, Thomas"]
[Black "Lamberger, Werner"]
[Result "0-1"]
[WhiteElo "1671"]
[BlackElo "1912"]
[Annotator "ChessOrg"]
[PlyCount "66"]
[EventDate "1998.03.05"]
[Source "ChessBase"]
[SourceDate "1998.04.29"]

1. d4 {B08: Pirc-Ufimzew-Verteidigung} 1... Nf6 2. Nf3 g6 3. Nc3 Bg7 4. e4 d6
5. Be3 O-O 6. Qd2 Ng4 7. Bg5 h6 8. h3 {letzter Buchzug} 8... Nxf2 9. Qxf2 hxg5
10. O-O-O (10. Nxg5 Bf6 11. Qh4 Bxg5 12. Qxg5 12... Nc6 $14) 10... e6 (10... c5
11. Nxg5 Bxd4 12. Qh4 Be3+ 13. Kb1 Bxg5 14. Qxg5 $11) 11. g4 Qf6 12. Kb1 Nc6 (
12... c5 13. dxc5 dxc5 14. h4 $14) 13. Be2 (13. h4 $5 $16 $142) 13... e5 14.
Nd5 Qd8 15. c3 (15. h4 Bxg4 16. dxe5 Bxf3 (16... Bxe5 $2 17. Nxe5 Nxe5 18. Nf6+
Qxf6 19. Qxf6 Bxe2 20. hxg5 $18) 17. Bxf3 Nxe5 (17... Bxe5 $6 18. hxg5 Qxg5 19.
Nxc7 $11) 18. hxg5 18... f5 $11) 15... Rb8 (15... exd4 16. cxd4 Re8 17. Nxg5
Qxg5 18. Nxc7 $11) 16. h4 Bxg4 17. hxg5 Bxf3 (17... exd4 18. Qh4 (18. cxd4 $6
18... Bxf3 19. Bxf3 19... Qxg5 $15) 18... Bh5 19. Nxd4 Nxd4 20. Bxh5 $18) 18.
Bxf3 $14 (18. Qxf3 $143 18... exd4 19. cxd4 19... Qxg5 $15 (19... Bxd4 $4 20.
Qh3 Re8 21. Rxd4 f6 22. Nf4 Ne5 23. Qh8+ Kf7 24. Rh7#)) 18... Qxg5 19. Rdg1 Qd8
20. Qh2 Re8 21. Qh7+ Kf8 22. Bh5 Re6 (22... gxh5 23. Qxg7#) 23. Bg4 (23. Bxg6
fxg6 24. Rf1+ Qf6 25. Nxf6 $18) 23... Rf6 $14 24. Nxf6 Qxf6 25. Rf1 Qg5 26. Be6
Nd8 27. Bb3 (27. Rxf7+ Nxf7 28. Rf1 $18) 27... exd4 $18 28. Qh3 $4 (28. Rxf7+
$1 $142 28... Nxf7 29. Rf1 $18) 28... dxc3 $19 29. Qd7 c2+ (29... Qe7 $5 $142
30. Qxe7+ 30... Kxe7 $19) 30. Kxc2 $17 30... Bf6 $4 (30... Qe7 $5 $142 31.
Qxe7+ 31... Kxe7 $15) 31. Qxc7 (31. Rh8+ $1 $142 31... Kg7 32. Qh3 Qc5+ 33. Kb1
$18) 31... Qg2+ $11 32. Kd1 Qg4+ 33. Kc1 $4 (33. Kd2 $142 33... Qg5+ 34. Kd1
Qg4+ 35. Kd2 Qg2+ 36. Kd1 36... Qg4+ $11) 33... Rc8 $19 (33... Rc8 34. Qxc8
Qxc8+ 35. Kb1 35... Qg4 $19) 0-1

[Event "Bad Woerishofen op"]
[Site "Bad Woerishofen"]
[Date "2001.??.??"]
[Round "7"]
[White "Schmidt, Thomas"]
[Black "Boehm, Roland"]
[Result "0-1"]
[WhiteElo "1671"]
[BlackElo "1879"]
[Annotator "ChessOrg"]
[PlyCount "88"]
[EventDate "1998.03.05"]
[Source "ChessBase"]
[SourceDate "1998.04.29"]

1. d4 {D05: Damenbauernspiele (Colle-Aufbau)} 1... Nf6 2. Nf3 e6 3. e3 b6 4.
Bd3 Bb7 5. O-O d5 6. b3 Nbd7 7. Bb2 7... Rc8 {letzter Buchzug} 8. c4 Be7 9. Nc3
O-O 10. Rc1 Re8 11. cxd5 exd5 12. Ng5 h6 13. Nh3 Ne4 14. Nf4 Ndf6 15. Qe2 Nxc3
16. Rxc3 Bd6 17. Nh5 Ne4 18. Qg4 Qg5 19. Qxg5 hxg5 (19... Nxg5 20. Ng3 $11) 20.
Rc2 $14 20... Re6 21. f3 Nf6 22. Nxf6+ Rxf6 23. g4 (23. h3 23... Re8 $11) 23...
Re8 24. Bc1 Rfe6 25. Kg2 g6 26. h3 c5 27. Bb5 R8e7 28. a4 a6 29. Bd3 Kg7 30.
Bd2 f6 31. Bc1 Rc7 32. Bd2 Re8 33. Rfc1 Rec8 34. Rc3 (34. dxc5 bxc5 35. Kf2
35... Re7 $11) 34... c4 35. bxc4 Bb4 36. R3c2 Bxd2 37. Rxd2 dxc4 38. Rdc2 b5
39. axb5 axb5 40. e4 Kf8 (40... Rd7 41. Bxc4 bxc4 42. Rxc4 Rxc4 43. Rxc4 $17)
41. Bf1 Ra8 42. Rb1 Bc6 43. Bxc4 (43. Kf2 $5 $15) 43... bxc4 $17 44. Rxc4 (44.
Rb4 $5 44... Bd7 45. Rbxc4 Rxc4 46. Rxc4 $17) 44... Bxe4 $1 $19 (44... Bxe4 45.
Rxc7 45... Bxb1 $19) 0-1

[Event "Bad Woerishofen op"]
[Site "Bad Woerishofen"]
[Date "2001.??.??"]
[Round "9"]
[White "Schmidt, Thomas"]
[Black "Reichwald, Klaus-Dieter"]
[Result "0-1"]
[WhiteElo "1671"]
[BlackElo "2018"]
[Annotator "ChessOrg"]
[PlyCount "51"]
[EventDate "1998.03.05"]
[Source "ChessBase"]
[SourceDate "1998.04.29"]

1. d4 {B08: Pirc-Ufimzew-Verteidigung} 1... Nf6 2. Nf3 g6 3. Nc3 Bg7 4. e4 d6
5. Be3 O-O 6. Qd2 c6 7. Bd3 b5 8. Bh6 Nbd7 9. Bxg7 Kxg7 10. a4 b4 11. Ne2 a5
12. O-O {letzter Buchzug} 12... c5 (12... e5 13. Rfd1 $11) 13. c3 Bb7 14. Ng3
Qc7 15. cxb4 axb4 16. Rfc1 Rfc8 17. d5 Ng4 18. Be2 Nge5 19. Nxe5 Nxe5 20. f4
Nd7 21. b3 Qb6 22. Kh1 Ba6 23. Nf1 Bxe2 24. Qxe2 Qc7 25. Ne3 f6 (25... Rd8 26.
Qd2 $14) 26. g4 0-1

[Event "Bad Woerishofen op"]
[Site "?"]
[Date "2001.??.??"]
[Round "1"]
[White "Schmidt, Volker"]
[Black "Koscielski, Janusch"]
[Result "0-1"]
[WhiteElo "2000"]
[BlackElo "2358"]
[Annotator "ChessOrg"]
[PlyCount "72"]
[EventDate "2000.??.??"]

1. Nf3 {E63: Koenigsindisch (6...Sc6)} 1... Nf6 2. g3 g6 3. Bg2 Bg7 4. O-O O-O
5. d4 d6 6. c4 Nc6 7. Nc3 a6 8. Re1 Re8 9. d5 Na5 10. Nd2 c5 11. a3 {
letzter Buchzug} 11... Ng4 12. Qc2 Ne5 13. Nce4 e6 (13... b5 14. cxb5 axb5 15.
b4 $11) 14. b4 cxb4 15. axb4 Naxc4 16. Nxc4 Nxc4 17. Qxc4 (17. Bg5 Qc7 18. Nf6+
Bxf6 19. Bxf6 19... h6 $11) 17... Bxa1 18. Bg5 f6 19. Bh6 $2 (19. Rxa1 $5 $142
19... fxg5 20. dxe6 $17) 19... Bb2 20. Rb1 Be5 21. f4 Qb6+ 22. Nc5 $2 (22. e3
$142 22... exd5 23. Qxd5+ Be6 24. Qd3 $17) 22... dxc5 $19 23. fxe5 cxb4+ 24.
Kh1 exd5 (24... fxe5 25. Rxb4 Qd6 26. Rb3 $19) 25. Bxd5+ Be6 26. exf6 (26. Rxb4
Rad8 27. e4 Bxd5 28. exd5 Qf2 29. Rxb7 29... Rc8 $19 (29... fxe5 $4 30. d6+ Re6
31. Qxe6+ Qf7 32. Qxf7+ Kh8 33. Qxh7#) (29... Rxe5 $4 30. d6+ Rd5 31. Qxd5+ Kh8
32. Bg7#)) 26... Bxd5+ (26... Rad8 $5 27. f7+ Kxf7 28. Bxe6+ Rxe6 29. Rf1+ Ke8
30. Rf8+ Ke7 31. Qh4+ Kd7 32. Rxd8+ Qxd8 33. Qxb4 $19) 27. Qxd5+ Qe6 28. Qf3
Rad8 29. e4 a5 30. Rf1 (30. Re1 30... Rd7 $19) 30... Rd7 31. e5 (31. Re1 31...
a4 $19) 31... Qc6 32. Bf4 Qxf3+ 33. Rxf3 33... g5 $1 34. Bxg5 Rxe5 35. h4 (35.
Bf4 Re2 36. Rf1 36... a4 $19) 35... Re2 36. Rf1 Kf7 (36... Kf7 37. Kg1 37... a4
$19) (36... b3 $5 37. Kg1 a4 38. Bc1 $19) 0-1

[Event "Bad Woerishofen op"]
[Site "Bad Woerishofen"]
[Date "2001.??.??"]
[Round "3"]
[White "Schmidt, Volker"]
[Black "Luhn, Robert"]
[Result "1/2-1/2"]
[WhiteElo "2000"]
[BlackElo "1800"]
[Annotator "ChessOrg"]
[PlyCount "37"]
[EventDate "1998.03.05"]
[Source "ChessBase"]
[SourceDate "1998.04.29"]

1. e4 {B20: Sizilianisch} 1... c5 2. Bc4 e6 3. Nc3 Nc6 4. Nf3 a6 5. a4 d6 6.
O-O Nf6 7. d4 cxd4 8. Nxd4 Be7 9. Kh1 {letzter Buchzug} 9... Nxe4 10. Nxc6 Nxc3
11. Nxd8 Nxd1 12. Nxf7 Kxf7 13. Rxd1 Bd7 14. Be3 Rac8 15. Bb3 b5 16. axb5 Bxb5
17. f4 g6 18. Bd4 Rhd8 19. Bc3 1/2-1/2